5HLuxD.jpg

KING HENRY VIII SENIOR AND PRIMARY SCHOOL LIBRARY OPAC

Cambridge International GCSE Chemistry : (Record no. 3693)

000 -LEADER
fixed length control field 00810nam a22002537a 4500
003 - CONTROL NUMBER IDENTIFIER
control field OSt
005 - DATE AND TIME OF LATEST TRANSACTION
control field 20240815103524.0
008 - FIXED-LENGTH DATA ELEMENTS--GENERAL INFORMATION
fixed length control field 240815b ||||| |||| 00| 0 eng d
020 ## - INTERNATIONAL STANDARD BOOK NUMBER
International Standard Book Number 9781789084764
040 ## - CATALOGING SOURCE
Transcribing agency KH8
082 ## - DEWEY DECIMAL CLASSIFICATION NUMBER
Classification number 500 GAN
100 ## - MAIN ENTRY--PERSONAL NAME
Personal name Gannon, Paddy,
Relator term author.
245 ## - TITLE STATEMENT
Title Cambridge International GCSE Chemistry :
Remainder of title Complete Revision & Practice /
Statement of responsibility, etc. Paddy Gannon.
260 ## - PUBLICATION, DISTRIBUTION, ETC.
Place of publication, distribution, etc. United Kingdom ;
Name of publisher, distributor, etc. Coordination Group Publications ,
Date of publication, distribution, etc. 2020.
300 ## - PHYSICAL DESCRIPTION
Extent 236 pages:
Other physical details color illustrations ;
Dimensions 21 cm.
500 ## - GENERAL NOTE
General note Includes index
650 ## - SUBJECT ADDED ENTRY--TOPICAL TERM
Topical term or geographic name entry element Chemistry
Form subdivision Coursebook
650 ## - SUBJECT ADDED ENTRY--TOPICAL TERM
Topical term or geographic name entry element Chemistry
Form subdivision Revision & Practice book
700 ## - ADDED ENTRY--PERSONAL NAME
Personal name Falkner, Mary,
Relator term editor.
700 ## - ADDED ENTRY--PERSONAL NAME
Personal name Forsberg, Emily,
Relator term editor.
700 ## - ADDED ENTRY--PERSONAL NAME
Personal name Hayman, Rob,
Relator term editor.
700 ## - ADDED ENTRY--PERSONAL NAME
Personal name Pattison, Sarah,
Relator term editor.
942 ## - ADDED ENTRY ELEMENTS (KOHA)
Source of classification or shelving scheme
Koha item type Teaching Resources
Holdings
Withdrawn status Lost status Source of classification or shelving scheme Damaged status Not for loan Collection code Permanent Location Current Location Shelving location Date acquired Full call number Barcode Date last seen Price effective from Koha item type
          Teaching Resources KH8 Senior School Library KH8 Senior School Library Staff Office 2024-08-15 500 GAN TRKHSL005570 2024-08-15 2024-08-15 Teaching Resources

Powered By KH8 IT Dept